[Event "DEM U14 2016"]
[Site "Willingen GER"]
[Date "2016.05.17"]
[Round "4"]
[White "Gutschenreiter, Donato"]
[Black "Lesny, Florian"]
[Result "0-1"]
[Termination "normal"]
[Board "22"]
[WhiteElo "1870"]
[BlackElo "1865"]
[PlyCount "74"]
[WhiteFideId "12975540"]
[BlackFideId "12973874"]
[EventCountry "GER"]
[EventRounds "9"]
[EventType "swiss"]
[EventDate "2016.05.14"]

1. e4 c5 2. c3 Nf6 3. e5 Nd5 4. d4 cxd4 5. cxd4 e6 6. Nf3 d6 7. Bc4 Nc6 8. O-O
Be7 9. exd6 Qxd6 10. Nc3 Nxc3 11. bxc3 O-O 12. Re1 b6 13. Qc2 Bb7 14. Bg5 h6
15. Bxe7 Nxe7 16. Ne5 Rac8 17. Bb3 Nc6 18. Nc4 Qd7 19. Rad1 Rfd8 20. Qd3 Qc7
21. Qg3 Qxg3 22. hxg3 Ne7 23. Rc1 Nd5 24. Rc2 Ba6 25. Ne5 Rxc3 26. Rxc3 Nxc3
27. Nc6 Rd6 28. Nxa7 Rxd4 29. Nc6 Rd2 30. Nb4 Bb7 31. Rf1 Ne2+ 32. Kh2 Nd4 33.
Bc4 b5 34. Bd3 e5 35. Kg1 e4 36. Bb1 e3 37. Bd3 e2 0-1

[Event "DEM U14 2016"]
[Site "Willingen GER"]
[Date "2016.05.17"]
[Round "4"]
[White "Biermann, Lenhard"]
[Black "Rauch, Arwid"]
[Result "1-0"]
[Termination "normal"]
[Board "23"]
[WhiteElo "1711"]
[BlackElo "1560"]
[PlyCount "119"]
[WhiteFideId "12970077"]
[BlackFideId "16215923"]
[EventCountry "GER"]
[EventRounds "9"]
[EventType "swiss"]
[EventDate "2016.05.14"]

1. d4 d5 2. c4 c6 3. Nf3 Nf6 4. g3 Bf5 5. Bg2 e6 6. O-O Nbd7 7. Nc3 Be7 8. Bf4
O-O 9. Ne5 Nxe5 10. Bxe5 Nd7 11. Bf4 Nf6 12. Rc1 Bd6 13. Bxd6 Qxd6 14. Qb3 Qd7
15. Rfd1 Rfe8 16. e3 Rad8 17. Qa3 b6 18. cxd5 cxd5 19. Bf1 Qe7 20. Qa4 Bg4 21.
Re1 Rb8 22. Nb5 Rb7 23. Rc2 Bf5 24. Rc6 Rd8 25. Rec1 h6 26. Qa6 Ne8 27. Rc8
Rbd7 28. Rxd8 Rxd8 29. Qxa7 Qxa7 30. Nxa7 Ra8 31. Rc8 Rxa7 32. Rxe8+ Kh7 33. a3
Rb7 34. Rc8 e5 35. Rc3 e4 36. h3 Be6 37. Kg2 Kg6 38. Bb5 Kf6 39. g4 g5 40. a4
Ke7 41. Kf1 Kd6 42. Rc6+ Ke7 43. Ke2 f6 44. Ba6 Rb8 45. Rc7+ Bd7 46. Bb5 Rd8
47. Kd2 Kd6 48. Rxd7+ Rxd7 49. Bxd7 Kxd7 50. Kc3 Kc7 51. Kb4 Kc6 52. b3 Kc7 53.
Kb5 Kb7 54. b4 Kc7 55. a5 bxa5 56. bxa5 Kb7 57. Kc5 Ka6 58. Kxd5 Kxa5 59. Kxe4
Kb6 60. Kf5 1-0